| 000 | 00923nam a22002657a 4500 | ||
|---|---|---|---|
| 005 | 20090903122947.0 | ||
| 008 | 090903t xxu||||| |||| 00| 0 eng d | ||
| 010 | _aB-356973 | ||
| 020 |
_a9788126419173 _c60.00 |
||
| 035 | _aB-356973 | ||
| 037 | _bDBAD / PUB | ||
| 040 |
_adpl _bEnglish |
||
| 082 | _aS | ||
| 100 | _aNair, Radha | ||
| 245 |
_aAppu's birthday / _cby Radha Nair; translated by Sheila Dhir |
||
| 260 |
_aKerala _bDC Books _c2008 |
||
| 270 |
_aD C Kizhakemuri Edam, Good Shepherd Street, Kottayam, _bKerala _e686001 |
||
| 300 |
_a29p. _bcol. ill. _c21cm(pbk) |
||
| 490 | _aAppu stories | ||
| 650 | _aChildren stories, English | ||
| 650 | _aAppu (Fictitious character) | ||
| 700 | _aDhir, Sheila | ||
| 942 |
_2ddc _cEN _hS _mNAI |
||
| 999 |
_c29921 _d29921 |
||